Robert Rodriguez Movies Quiz Stats

 Plays Quiz Updated Jan 1, 2021

Support Sporcle.
Go Orange.
Score 0/19 Timer 04:00
1 Play Today
Year movie % Correct
2007Grindhouse (Planet Terror)
76.2%
2001Spy Kids
74.2%
2002Spy Kids 2: Island of Lost Dreams
71%
2003Spy Kids 3-D: Game Over
68.4%
1995Desperado
67.8%
2003Once Upon a Time in Mexico
62.4%
1996From Dusk Til Dawn
60%
1992El Mariachi
59%
2005Sin City
59%
2013Machete Kills
49.5%
Year movie % Correct
2014Sin City: A Dame to Kill For
43.9%
2019Alita: Battle Angel
43.6%
2005The Adventures of Sharkboy and Lavagirl
33.5%
2020We Can Be Heroes
32%
2010Machete
28.6%
2009Shorts
21.1%
1998The Faculty
21%
2011Spy Kids: All the Time in the World 4D
18.9%
2019Red 11
13.5%

From the Vault

All 5-Letter Palindromes

by Ubbiebubbie

You'll know these words frontwards and backwards by the time you finish.
Remove Ads.
Support Sporcle.
Get the best of Sporcle when you Go Orange. This ad-free experience offers more features, more stats, and more fun while also helping to support Sporcle. Thank you for becoming a member.

Show Comments

Extras

Top Quizzes Today


Score Distribution

Your Account Isn't Verified!

In order to create a playlist on Sporcle, you need to verify the email address you used during registration. Go to your Sporcle Settings to finish the process.

Report this User

Report this user for behavior that violates our Community Guidelines.

Details: